Statistics for States that voted for Donald Trump twice

Click here to take the quiz!

General Stats

  • This quiz has been taken 50 times
  • The average score is 22 of 25

Answer Stats

Average Point MarginState% Correct
Trump +7.30Texas
100%
Trump +2.25Florida
98%
Trump +17.51Kansas
93%
Trump +25.56Alabama
90%
Trump +27.26Arkansas
90%
Trump +8.12Ohio
90%
Trump +19.29Utah
90%
Trump +17.51Indiana
88%
Trump +8.81Iowa
88%
Trump +19.12Louisiana
88%
Trump +17.15Mississippi
88%
Trump +22.03Nebraska
88%
Trump +34.51North Dakota
88%
Trump +34.75Oklahoma
88%
Trump +28South Dakota
88%
Trump +24.65Tennessee
88%
Trump +44.54Wyoming
88%
Trump +12.37Alaska
85%
Trump +17.41Montana
85%
Trump +2.48North Carolina
85%
Trump +13South Carolina
85%
Trump +40.49West Virginia
85%
Trump +31.24Idaho
83%
Trump +27.92Kentucky
83%
Trump +16.94Missouri
78%

Score Distribution

Percentile by Number Answered

Percent of People with Each Score

Your Score History

You have not taken this quiz